| Tag |
First Indicator |
Second Indicator |
Subfields |
| LEADER |
00000cam a2200000 i 4500 |
| 001 |
in00004084521 |
| 006 |
m o d |
| 007 |
cr cnu---unuuu |
| 008 |
190225t20192019ncu ob 000 0 eng |
| 005 |
20221130134230.0 |
| 010 |
|
|
|a 2019011392
|
| 020 |
|
|
|a 9781641136280
|q electronic book
|
| 020 |
|
|
|a 1641136286
|q electronic book
|
| 020 |
|
|
|z 9781641136266
|
| 020 |
|
|
|z 9781641136273
|
| 024 |
8 |
|
|a 99988235573
|
| 035 |
|
|
|a (DLC)ebc5962787
|
| 035 |
|
|
|a in00004084521
|
| 040 |
|
|
|a NhCcYBP
|c NhCcYBP
|d UtOrBLW
|
| 042 |
|
|
|a pcc
|
| 050 |
|
4 |
|a LC5800
|b .T43 2019
|
| 082 |
0 |
0 |
|a 374/.4
|2 23
|
| 245 |
0 |
0 |
|a Teaching and learning at a distance :
|b foundations of distance education /
|c Michael Simonson, Susan Zvacek, Sharon Smaldino.
|
| 250 |
|
|
|a Seventh edition.
|
| 264 |
|
1 |
|a Charlotte, North Carolina :
|b Information Age Publishing, Inc.,
|c [2019]
|
| 264 |
|
4 |
|c © 2019
|
| 300 |
|
|
|a 1 online resource.
|
| 336 |
|
|
|a text
|b txt
|2 rdacontent
|
| 337 |
|
|
|a computer
|b c
|2 rdamedia
|
| 338 |
|
|
|a online resource
|b cr
|2 rdacarrier
|
| 504 |
|
|
|a Includes bibliographical references.
|
| 588 |
|
|
|a Description based on online resource; title from digital title page (viewed on August 25, 2020).
|
| 500 |
|
|
|a Electronic resource.
|
| 650 |
|
0 |
|a Distance education.
|0 http://id.loc.gov/authorities/subjects/sh85038507
|
| 655 |
|
7 |
|a Electronic books.
|2 local
|
| 700 |
1 |
|
|a Simonson, Michael R.,
|e editor.
|0 http://id.loc.gov/authorities/names/n84023872
|
| 700 |
1 |
|
|a Smaldino, Sharon E.,
|e editor.
|0 http://id.loc.gov/authorities/names/n2004097557
|
| 700 |
1 |
|
|a Zvacek, Susan,
|e editor.
|0 http://id.loc.gov/authorities/names/n2014066768
|
| 710 |
2 |
|
|a ProQuest (Firm)
|0 http://id.loc.gov/authorities/names/n2007068018
|
| 776 |
1 |
8 |
|i Print version:
|t Teaching and learning at a distance
|b Seventh Edition.
|d Charlotte, North Carolina : Information Age Publishing, Inc., [2019]
|z 9781641136266
|w (DLC) 2019008660
|
| 856 |
4 |
0 |
|u https://ebookcentral.proquest.com/lib/tamucs/detail.action?docID=5962787
|z Connect to the full text of this electronic book
|t 0
|
| 945 |
|
|
|b 2811
|
| 955 |
|
|
|a YBP purchased DDA e-records
|
| 980 |
|
|
|b ebook
|c 99988235573
|g 565701
|k USD
|m 162.50
|q 1
|s AcqMono Conventional
|t Demand driven acquisitions (DDA)
|u Vendor order reference number
|v ZYBP
|y PDA
|z Electronic resource
|
| 987 |
|
|
|a ybp300913727
|
| 999 |
f |
f |
|s fa687b6e-821b-49af-82e0-83a95fcbaa1d
|i 69f48483-fb72-3e84-ad77-5081ab2fbd4f
|t 0
|
| 952 |
f |
f |
|a Texas A&M University
|b College Station
|c Electronic Resources
|d Available Online
|t 0
|e LC5800 .T43 2019
|h Library of Congress classification
|
| 998 |
f |
f |
|a LC5800 .T43 2019
|t 0
|l Available Online
|